Visualizzazione normale
Vista MARC
- MUSICA CAMERA [DISCHI]
di Topical Term
Records bibliografici associati: 13
001 - CONTROL NUMBER
- control field: 9264
003 - CONTROL NUMBER IDENTIFIER
- control field: IT-RoPau
005 - DATE AND TIME OF LATEST TRANSACTION
- control field: 20140114224810.0
008 - FIXED-LENGTH DATA ELEMENTS
- fixed length control field: 140114|| aca||aabn | a|a d
040 ## - CATALOGING SOURCE
- Original cataloging agency: IT-RoPau
- Transcribing agency: IT-RoPau
150 ## - HEADING--TOPICAL TERM
- Topical term or geographic name entry element: MUSICA CAMERA [DISCHI]
- : Codice MATERIA SPICS: 9950
670 ## - SOURCE DATA FOUND
- Source citation: Work cat.: (IT-RoPau)100548: Handel Georg Friedrich 4329, Concerto a Londra al tempo di Haendel